000 00249nam a2200097Ia 4500
082 _aEF BRID
245 0 _aThe bride stripped bare
100 _a Gemmel, Nikki London, 2004
_953303
942 _cBK
008 210817s9999 xx 000 0 und d
999 _c169173
_d169173